1838 1316 1660 1350 1951 1590 1018 1519 1753 1317 1479 1141 1038 1506 1954 1648 1167 1131 1488 1813 1842 1170 1336 1334 1276 1963 1930 1107 1974 1847 1979 1718 1460 1973 1330 1385 1187 1030 1244 1611 1017 1275 1677 1916 1995 1577 1258 1118 1143 1666 1876 1644 1607 1586 1039 1371 1771 1004 1027 1098 1683 1996 1970 1659 1205 1585 1375 1144 1904 1833 1928 2000 1849 1145 1924 1899 1919 1547 1009 2000 1530 1296 1814 1888 1171 1659 1923 1796 1663 1649 1184 1193 1442 1990 1947 1666 1574 1382 1403 BCNSPRNW ULIB Ver.6.0+V

เปลี่ยนเป็นภาษาไทย

Change to English
 แสดงรายละเอียดบรรณานุกรม
  กลับหน้าหลัก

Brief Record : Get Marc (ISO 2709) : E-mail record : QR code < ปิดหน้าต่าง
LEADER : 00000nam 2200000uu 4500
001    13399111046
003     ULIB
008    110615s||||||||th 000 0 tha d
020    9746113607 (ล.2)
050  4 BF121^bส719จ ล.2 2548
245 00 จิตวิทยาทั่วไป หน่วยที่ 8-15=^bGeneral Psychology /^cสาขาวิชาคหกรรมศาสตร์ มหาวิทยาลัยสุโขทัยธรรมาธิราช
246 31 General Psychology
250    พิมพ์ครั้งที่ 18
260    นนทบุรี :^bสำนักพิมพ์ มสธ.,^c2548
300    2 เล่ม
500    เอกสารการสอนชุดวิชาจิตวิทยาทั่วไป
650  7 จิตวิทยา
710 2  มหาวิทยาลัยสุโขทัยธรรมาธิราช. ^bสาขาวิชาคหกรรมศาสตร์
740 02 เอกสารการสอนชุดวิชาจิตวิทยาทั่วไป
945    ^p0^l0^i018920
995    ทศพร
999 ^a ใช้งานได้ทุกระบบ
รายการนี้ยังไม่มีแท็ก
คุณยังไม่ได้ล็อกอิน คุณสามารถมีกิจกรรมร่วมกับเว็บไซต์ได้ แต่ต้องล็อกอินก่อน ::
  ล็อกอิน

รายการสื่อสารสนเทศ

ลำดับที่ ประเภท เลขเรียก/บาร์โค้ด สถานที่ สถานะ
- ไม่พบข้อมูล -

รายการใกล้เคียง
    หัวเรื่อง [จิตวิทยา]

BibComment


ยังไม่เคยถูกคอมเมนท์

คอมเมนท์ทรัพยากรรายการนี้
  คอมเมนท์: จิตวิทยาทั่วไป หน..


 Copyright 2026. Bcnsprnw @Library